| 000 | 00387 a2200145 4500 | ||
|---|---|---|---|
| 005 | 20250628105613.0 | ||
| 020 | _a9781506358154 | ||
| 100 | _aKRAFT, M. E | ||
| 245 | _aPublic Policy: politics, Analysis, and Alternative | ||
| 250 | _a6th Ed | ||
| 260 |
_aNew Delh _bSAGE _c2018 |
||
| 300 |
_axxviii, 553p.: ill, Figure, Picture _bIndex _c24cm |
||
| 700 | _aFURLONG, S. R | ||
| 942 |
_2ddc _cBKS |
||
| 999 |
_c5972 _d5972 |
||